000 00454nam a2200193Ia 4500
008 151119s9999||||xx |||||||||||||| ||und||
082 _a891.463
082 _bGKKV2617
100 _aशेळके उद्धव
245 _aधग
260 _a--
260 _b--
260 _c1983
600 _aशेळके उद्धव
630 _aधग
700 _aशेळके उद्धव
730 _aधग
942 _cBOOK
999 _c1058519
_d1058516